Disney Song Lyrics - Statistics

General Stats
  • This quiz has been taken 426 times
  • The average score is 149 of 498
Answer Stats
Answer % Correct
I
94%
a
92%
A
92%
the
85%
you
79%
be
70%
an
69%
who
68%
we
67%
We
67%
to
65%
in
63%
it
61%
And
59%
and
59%
Do
59%
do
59%
go
57%
no
57%
Is
56%
is
56%
on
55%
where
55%
what
52%
your
52%
are
49%
then
48%
they
48%
They
48%
my
46%
know
44%
of
43%
see
42%
there,
42%
can't
41%
Can't
41%
this
41%
This
41%
this,
41%
don't
40%
Don't
40%
that
40%
for
39%
Am
38%
why
38%
I'm
37%
not
37%
we're
37%
We're
37%
if
35%
us
35%
It's
33%
it's
33%
all
32%
Could
32%
could
32%
here,
32%
here
32%
our
31%
but
30%
too
30%
Out
28%
out
28%
out,"
28%
now
27%
Now
27%
Oh,
27%
at
26%
get
26%
I'll
26%
real
26%
with
26%
look
25%
new
25%
or,
25%
or
25%
right
25%
up
25%
should
24%
from
23%
down
22%
man,
22%
way
22%
way,
22%
life?
20%
Somethin'
20%
Friend
18%
mean
18%
believe
17%
come
17%
start
17%
They're
17%
under
17%
over
15%
something
15%
end,
14%
Take
14%
take
14%
even
13%
eyes,
13%
really
13%
though,
13%
Though
13%
Well,
13%
we'll
13%
let's
12%
Let's
12%
sky
12%
afraid
11%
back
11%
far
11%
harm
11%
people,
11%
hand,
10%
happening
10%
peace,
10%
peace
10%
seein'?
10%
wanna
10%
'cause
9%
long
9%
please
9%
stars
9%
sure
9%
alone
8%
around
8%
enemy
8%
might
8%
put
8%
tonight
8%
alien
7%
came
7%
close,
7%
much
7%
"Zombie
7%
deal,
6%
falling
6%
fight
6%
gotta
6%
heads
6%
hide
6%
human
6%
invasion
6%
least
6%
lives
6%
Move
6%
somewhere
6%
trust
6%
until
6%
We've
6%
What's
6%
alarmed
5%
clouds,
5%
friends
5%
imagining?
5%
myself,
5%
running
5%
safe
5%
scary
5%
today
5%
town,
5%
watch
5%
Whoa,
5%
zombies,
5%
before
4%
beings
4%
boo
4%
cool
4%
dead
4%
distant
4%
figure
4%
galaxy
4%
hallucinatin'?
4%
kinda
4%
means
4%
near,
4%
near
4%
phone,
4%
seem
4%
Set
4%
standing
4%
werewolves,
4%
another
3%
anyways,
3%
attack,
3%
decide
3%
either
3%
evil,
3%
Film
3%
ground
3%
handle
3%
homes
3%
planet,
3%
protect
3%
ship
3%
thanks
3%
They've
3%
threat,
3%
dangerous
2%
defenses
2%
dust
2%
Extraterrestrials
2%
hovering
2%
instinct
2%
laser
2%
map
2%
moonstone
2%
perimeters
2%
picked
2%
coordinates?
1%
crash-landed
1%
hit
1%
north
1%
overreact
1%
phones,
1%
Scout
1%
settle
1%
south?
1%
Started
1%
ticked
1%
traveled
1%
underneath
1%
Utopia
1%
zapped,
1%
Zed
1%
No matching quizzes found
Score Distribution
Percent of People with Each Score
Percentile by Number Answered
Your Score History
You have not taken this quiz